[Event "15. Obert Int. Sant Marti 2013"]
[Site "Barcelona ESP"]
[Date "2013.07.21"]
[Round "9.32"]
[White "Kjolberg, Jens Hjorth"]
[Black "Basencyan, Mark"]
[Result "0-1"]
[WhiteElo "1999"]
[BlackElo "2130"]
[PlyCount "72"]
[EventDate "2013.07.13"]
[EventType "swiss"]
[EventRounds "9"]
[EventCountry "ESP"]
[SourceTitle "Ajedrez en Madrid"]
[Source "lmi"]
[SourceDate "2013.07.13"]
[SourceVersion "1"]
[SourceVersionDate "2019.06.21"]
[SourceQuality "1"]

1. e4 d6 2. d4 Nf6 3. Nc3 e5 4. dxe5 dxe5 5. Qxd8+ Kxd8 6. Bg5 Be6 7. O-O-O+
Nbd7 8. Nd5 Bxd5 9. exd5 h6 10. Bh4 g5 11. Bg3 Ne4 12. Bd3 Nd6 13. h4 g4 14. h5
f5 15. c3 Be7 16. Ne2 Bf6 17. Kb1 Ke7 18. b3 Rac8 19. c4 a5 20. Bc2 a4 21. bxa4
Ra8 22. Nc3 f4 23. Bh4 Nxc4 24. Bb3 Nd6 25. Bxf6+ Kxf6 26. Rc1 b6 27. Rh4 Kg5
28. g3 Nc5 29. gxf4+ exf4 30. Rhh1 Rhe8 31. Bc2 Re5 32. Bg6 Nxa4 33. Nxa4 Rxa4
34. Rxc7 Re1+ 35. Kb2 Re2+ 36. Kb3 Raxa2 0-1

[Event "15. Obert Int. Sant Marti 2013"]
[Site "Barcelona ESP"]
[Date "2013.07.21"]
[Round "9.34"]
[White "Uribe Arteaga, Daniel"]
[Black "Maltsev, Leonid"]
[Result "1-0"]
[WhiteElo "2274"]
[BlackElo "1985"]
[PlyCount "41"]
[EventDate "2013.07.13"]
[EventType "swiss"]
[EventRounds "9"]
[EventCountry "ESP"]
[SourceTitle "Ajedrez en Madrid"]
[Source "lmi"]
[SourceDate "2013.07.13"]
[SourceVersion "1"]
[SourceVersionDate "2019.06.21"]
[SourceQuality "1"]

1. d4 f5 2. Bg5 g6 3. Nc3 d5 4. h4 Bg7 5. Qd2 h6 6. Bf4 a6 7. Nf3 Nc6 8. O-O-O
e6 9. e3 Nf6 10. Ne5 Nxe5 11. Bxe5 Ne4 12. Nxe4 Bxe5 13. dxe5 fxe4 14. f3 exf3
15. gxf3 Qe7 16. Bd3 Rg8 17. Rdg1 g5 18. hxg5 Rxg5 19. f4 Rxg1+ 20. Rxg1 Kd7
21. f5 1-0

[Event "15. Obert Int. Sant Marti 2013"]
[Site "Barcelona ESP"]
[Date "2013.07.21"]
[Round "9.35"]
[White "Zapata Arbelaez, Estiven"]
[Black "Blandon Villa, Diego F"]
[Result "1/2-1/2"]
[WhiteElo "2001"]
[BlackElo "2196"]
[PlyCount "92"]
[EventDate "2013.07.13"]
[EventType "swiss"]
[EventRounds "9"]
[EventCountry "ESP"]
[SourceTitle "Ajedrez en Madrid"]
[Source "lmi"]
[SourceDate "2013.07.13"]
[SourceVersion "1"]
[SourceVersionDate "2019.06.21"]
[SourceQuality "1"]

1. d4 Nf6 2. c4 g6 3. Nc3 Bg7 4. e4 d6 5. Be2 O-O 6. Nf3 e5 7. d5 Nbd7 8. Bg5
h6 9. Bh4 a5 10. Nd2 Nc5 11. O-O Bd7 12. b3 Qe8 13. a3 Nh7 14. b4 Na4 15. Nxa4
Bxa4 16. Qc1 g5 17. Bg3 f5 18. f3 f4 19. Bf2 Rf7 20. b5 c6 21. Qb2 Rc7 22. Rac1
cxb5 23. cxb5 Rac8 24. Bc4 Nf6 25. Bb6 Nd7 26. Bxc7 Rxc7 27. b6 Rc5 28. Nb3
Bxb3 29. Qxb3 Qc8 30. Rc2 Bf6 31. Rfc1 Bd8 32. Bb5 Bxb6 33. Kf1 Rxc2 34. Qxc2
Nc5 35. a4 Qd8 36. Qc4 g4 37. Qe2 Qh4 38. h3 Qg3 39. hxg4 Qh2 40. Ke1 Qg1+ 41.
Qf1 Qe3+ 42. Kd1 Qb3+ 43. Ke1 Qb4+ 44. Kd1 Qb3+ 45. Ke1 Qe3+ 46. Kd1 Qb3+
1/2-1/2

[Event "15. Obert Int. Sant Marti 2013"]
[Site "Barcelona ESP"]
[Date "2013.07.21"]
[Round "9.36"]
[White "Vatkali, Dimitra"]
[Black "Pellus Ruiz, Josep"]
[Result "1-0"]
[WhiteElo "1964"]
[BlackElo "2171"]
[PlyCount "53"]
[EventDate "2013.07.13"]
[EventType "swiss"]
[EventRounds "9"]
[EventCountry "ESP"]
[SourceTitle "Ajedrez en Madrid"]
[Source "lmi"]
[SourceDate "2013.07.13"]
[SourceVersion "1"]
[SourceVersionDate "2019.06.21"]
[SourceQuality "1"]

1. e4 d6 2. d4 Nf6 3. Nc3 g6 4. f4 Bg7 5. Nf3 c5 6. Bb5+ Nc6 7. dxc5 Qa5 8. O-O
O-O 9. cxd6 exd6 10. Bxc6 Qc5+ 11. Qd4 Qxc6 12. e5 dxe5 13. fxe5 Ng4 14. Nd5
Re8 15. Bf4 Be6 16. c4 Rac8 17. b3 Qc5 18. Qxc5 Rxc5 19. Rad1 Bxd5 20. cxd5
Nxe5 21. d6 Nd7 22. Rfe1 Kf8 23. Ng5 Rxe1+ 24. Rxe1 Bd4+ 25. Kh1 Kg7 26. Re7
Rf5 27. Rxd7 1-0

[Event "15. Obert Int. Sant Marti 2013"]
[Site "Barcelona ESP"]
[Date "2013.07.21"]
[Round "9.37"]
[White "Pettersen, Joar Gullestad"]
[Black "Herms Agullo, Jordi"]
[Result "1-0"]
[WhiteElo "1944"]
[BlackElo "2130"]
[PlyCount "109"]
[EventDate "2013.07.13"]
[EventType "swiss"]
[EventRounds "9"]
[EventCountry "ESP"]
[SourceTitle "Ajedrez en Madrid"]
[Source "lmi"]
[SourceDate "2013.07.13"]
[SourceVersion "1"]
[SourceVersionDate "2019.06.21"]
[SourceQuality "1"]

1. d4 Nf6 2. c4 g6 3. Nf3 Bg7 4. Nc3 d6 5. e4 O-O 6. Be2 Na6 7. O-O e5 8. Be3
Ng4 9. Bg5 f6 10. Bc1 Qe8 11. h3 Nh6 12. Be3 Nf7 13. a3 exd4 14. Nxd4 Ng5 15.
Ndb5 Kh8 16. Qc2 Rf7 17. b4 b6 18. Bd3 Ne6 19. Rad1 Qf8 20. Be2 f5 21. exf5
Rxf5 22. Bg4 Rf7 23. Be2 Nf4 24. Bd4 Bb7 25. Nd5 Nxe2+ 26. Qxe2 c6 27. Nxd6
cxd5 28. Nxf7+ Qxf7 29. cxd5 Rd8 30. d6 Nb8 31. Rfe1 Nc6 32. Bxg7+ Kxg7 33. b5
Nb8 34. Qe5+ Kg8 35. Qg5 Rf8 36. Rd2 Bc8 37. Re7 Qf5 38. Qxf5 Rxf5 39. a4 Bd7
40. Rc2 Rd5 41. Rc7 Rxd6 42. Rxa7 Rf6 43. Raxd7 Nxd7 44. Rxd7 Rf4 45. Ra7 h5
46. f3 h4 47. Kf2 Rb4 48. Ke3 g5 49. Ra6 Kf7 50. Kd3 Rb2 51. Rxb6 Rxg2 52. Ke4
Rg3 53. a5 Rxh3 54. a6 g4 55. a7 1-0

[Event "15. Obert Int. Sant Marti 2013"]
[Site "Barcelona ESP"]
[Date "2013.07.21"]
[Round "9.38"]
[White "Ridameya Tatche, Jose Miguel"]
[Black "Cervello Tost, Ferran"]
[Result "1/2-1/2"]
[WhiteElo "1991"]
[BlackElo "2049"]
[PlyCount "31"]
[EventDate "2013.07.13"]
[EventType "swiss"]
[EventRounds "9"]
[EventCountry "ESP"]
[SourceTitle "Ajedrez en Madrid"]
[Source "lmi"]
[SourceDate "2013.07.13"]
[SourceVersion "1"]
[SourceVersionDate "2019.06.21"]
[SourceQuality "1"]

1. e4 e5 2. Nf3 Nc6 3. d4 exd4 4. Bc4 Nf6 5. Ng5 Ne5 6. Qxd4 Nxc4 7. Qxc4 d5 8.
exd5 Qxd5 9. Qe2+ Be7 10. O-O h6 11. Nc3 Qd8 12. Rd1 Bd7 13. Nf3 O-O 14. Bf4
Re8 15. Qc4 Be6 16. Rxd8 1/2-1/2

[Event "15. Obert Int. Sant Marti 2013"]
[Site "Barcelona ESP"]
[Date "2013.07.21"]
[Round "9.39"]
[White "Fabregas Fontanet, Antonio"]
[Black "Vargas Drechsler, Carlos"]
[Result "0-1"]
[WhiteElo "2045"]
[BlackElo "1903"]
[PlyCount "36"]
[EventDate "2013.07.13"]
[EventType "swiss"]
[EventRounds "9"]
[EventCountry "ESP"]
[SourceTitle "Ajedrez en Madrid"]
[Source "lmi"]
[SourceDate "2013.07.13"]
[SourceVersion "1"]
[SourceVersionDate "2019.06.21"]
[SourceQuality "1"]

1. e4 e5 2. Nf3 Nc6 3. Bb5 a6 4. Ba4 Nf6 5. d3 b5 6. Bb3 Bc5 7. O-O d6 8. h3 h6
9. a4 Bd7 10. axb5 axb5 11. Rxa8 Qxa8 12. Nc3 Ne7 13. d4 exd4 14. Nxd4 b4 15.
Nd5 Nexd5 16. exd5 O-O 17. Ne2 Bb5 18. Re1 Qa7 0-1

[Event "15. Obert Int. Sant Marti 2013"]
[Site "Barcelona ESP"]
[Date "2013.07.21"]
[Round "9.40"]
[White "Martorell Aguado, Joan"]
[Black "Velez Alvarez, Laura Camila"]
[Result "1-0"]
[WhiteElo "2167"]
[BlackElo "1774"]
[PlyCount "52"]
[EventDate "2013.07.13"]
[EventType "swiss"]
[EventRounds "9"]
[EventCountry "ESP"]
[SourceTitle "Ajedrez en Madrid"]
[Source "lmi"]
[SourceDate "2013.07.13"]
[SourceVersion "1"]
[SourceVersionDate "2019.06.21"]
[SourceQuality "1"]

1. e4 c6 2. d4 d5 3. e5 Bf5 4. h4 h6 5. g4 Bh7 6. e6 fxe6 7. Bd3 Bxd3 8. Qxd3
e5 9. Qg6+ Kd7 10. Nf3 Nf6 11. Nxe5+ Kc8 12. Nf7 Qa5+ 13. c3 Rh7 14. g5 hxg5
15. Bxg5 Nbd7 16. Nd2 e6 17. Bf4 Be7 18. Ng5 Nf8 19. Qf7 Kd7 20. Ndf3 Qd8 21.
Ne5+ Kc8 22. Nxh7 N6xh7 23. Qxg7 Bxh4 24. Nf7 Bf6 25. Qg8 Qe7 26. Rxh7 b6 1-0

[Event "15. Obert Int. Sant Marti 2013"]
[Site "Barcelona ESP"]
[Date "2013.07.21"]
[Round "9.41"]
[White "Tahay, Alexis"]
[Black "Meza Martinez, Alcides Ivan"]
[Result "1/2-1/2"]
[WhiteElo "1944"]
[BlackElo "2136"]
[PlyCount "104"]
[EventDate "2013.07.13"]
[EventType "swiss"]
[EventRounds "9"]
[EventCountry "ESP"]
[SourceTitle "Ajedrez en Madrid"]
[Source "lmi"]
[SourceDate "2013.07.13"]
[SourceVersion "1"]
[SourceVersionDate "2019.06.21"]
[SourceQuality "1"]

1. e4 e6 2. d4 d5 3. Nd2 Nf6 4. e5 Nfd7 5. Bd3 c5 6. c3 Nc6 7. Ne2 cxd4 8. cxd4
f6 9. exf6 Qxf6 10. Nf3 h6 11. O-O Bd6 12. Nc3 O-O 13. Be3 Rf7 14. a3 Nf8 15.
Rc1 Bd7 16. Re1 Be8 17. b4 Rd7 18. Na4 Bg6 19. Bb5 Rc7 20. Nc5 Ne7 21. Qd2 Rac8
22. Nd3 Bxd3 23. Bxd3 Nfg6 24. Rxc7 Rxc7 25. Rc1 Rxc1+ 26. Qxc1 Nf4 27. Bxf4
Qxf4 28. Qc3 Kf7 29. g3 Qg4 30. Kg2 Ke8 31. h3 Qh5 32. g4 Qf7 33. Qc2 Qf4 34.
Qa4+ Kf7 35. Qxa7 Qc1 36. Qb6 Bf4 37. a4 Qb2 38. Ne5+ Bxe5 39. dxe5 Qxe5 40.
Qxb7 Qd4 41. Qb5 e5 42. f3 Kf6 43. Qa6+ Kg5 44. Qe6 Kf4 45. Qxe7 Qb2+ 46. Kf1
Ke3 47. Qc5+ d4 48. Qxe5+ Kxd3 49. Qe4+ Kc3 50. Qe1+ Kd3 51. Qe4+ Kc3 52. Qe1+
Kd3 1/2-1/2

[Event "15. Obert Int. Sant Marti 2013"]
[Site "Barcelona ESP"]
[Date "2013.07.21"]
[Round "9.42"]
[White "Ramirez Medina, Victor"]
[Black "Lopez Perdomo, Juan David"]
[Result "1/2-1/2"]
[WhiteElo "2012"]
[BlackElo "2100"]
[PlyCount "84"]
[EventDate "2013.07.13"]
[EventType "swiss"]
[EventRounds "9"]
[EventCountry "ESP"]
[SourceTitle "Ajedrez en Madrid"]
[Source "lmi"]
[SourceDate "2013.07.13"]
[SourceVersion "1"]
[SourceVersionDate "2019.06.21"]
[SourceQuality "1"]

1. e4 c5 2. Nf3 Nc6 3. d4 cxd4 4. Nxd4 a6 5. Nc3 e6 6. Be2 Qc7 7. O-O Nf6 8.
Be3 b5 9. Nxc6 dxc6 10. f4 Bb4 11. Kh1 O-O 12. e5 Rd8 13. Qe1 Ne4 14. Nxb5 Qe7
15. c3 cxb5 16. cxb4 Bb7 17. Bb6 Rd2 18. Bf3 Qxb4 19. a3 Qxb2 20. Bxe4 Re2 21.
Bxb7 Rxe1 22. Rfxe1 Rb8 23. Red1 g5 24. Bd4 Qb3 25. Be4 Rd8 26. Rd3 Qa4 27.
Rad1 gxf4 28. Bf3 Qc4 29. R3d2 a5 30. Be2 Qa4 31. Bc5 Rxd2 32. Rxd2 Kg7 33. Be7
Qe4 34. Bf6+ Kh6 35. h4 Qe3 36. Rc2 Qxa3 37. Bg5+ Kg7 38. Bf6+ Kh6 39. Bg5+ Kg7
40. Bf6+ Kh6 41. Bg5+ Kg7 42. Bf6+ Kh6 1/2-1/2

[Event "15. Obert Int. Sant Marti 2013"]
[Site "Barcelona ESP"]
[Date "2013.07.21"]
[Round "9.43"]
[White "Ofstad, Sigurd"]
[Black "Heredia Tarrats, Amadeu"]
[Result "1/2-1/2"]
[WhiteElo "2007"]
[BlackElo "2098"]
[PlyCount "123"]
[EventDate "2013.07.13"]
[EventType "swiss"]
[EventRounds "9"]
[EventCountry "ESP"]
[SourceTitle "Ajedrez en Madrid"]
[Source "lmi"]
[SourceDate "2013.07.13"]
[SourceVersion "1"]
[SourceVersionDate "2019.06.21"]
[SourceQuality "1"]

1. f4 e5 2. fxe5 d6 3. exd6 Bxd6 4. Nf3 Bg4 5. e4 Qe7 6. Nc3 f5 7. d3 Nc6 8.
Be2 Nf6 9. Bg5 O-O-O 10. O-O h6 11. Bxf6 Qxf6 12. Qe1 Rhe8 13. a3 g5 14. Nd2
Qe5 15. g3 Bh3 16. Nc4 Bc5+ 17. Kh1 Qe7 18. Bh5 Bxf1 19. Bxe8 Bxd3 20. cxd3
Rxe8 21. Rc1 fxe4 22. Nxe4 Qf7 23. Kg2 g4 24. Qe2 Qe6 25. b4 Bf8 26. b5 Nd4 27.
Ncd6+ Bxd6 28. Nxd6+ Kb8 29. Qxe6 Rxe6 30. Ne4 Nxb5 31. a4 Nd4 32. Rc4 Nf3 33.
Nf2 h5 34. Rc5 Re1 35. Ne4 Re2+ 36. Nf2 Re5 37. Rxe5 Nxe5 38. h3 c5 39. hxg4
hxg4 40. Kf1 Kc7 41. Ke2 Kc6 42. Ke3 Kd5 43. Ne4 b6 44. Nc3+ Kc6 45. Ke4 Nf3
46. Ne2 a6 47. Kf4 b5 48. axb5+ axb5 49. Kxg4 Ne5+ 50. Kf5 Nxd3 51. g4 Kd6 52.
g5 Ne5 53. Nc3 b4 54. Ne4+ Kd5 55. Nxc5 Nf3 56. Nd3 b3 57. g6 Nh4+ 58. Kg5 Nxg6
59. Kxg6 Kd4 60. Nb2 Kc3 61. Na4+ Kb4 62. Nb2 1/2-1/2

[Event "15. Obert Int. Sant Marti 2013"]
[Site "Barcelona ESP"]
[Date "2013.07.21"]
[Round "9.44"]
[White "Real Pereyra, Diana Carime"]
[Black "Tarrago Domingo, Miguel"]
[Result "1-0"]
[WhiteElo "2076"]
[BlackElo "2034"]
[PlyCount "53"]
[EventDate "2013.07.13"]
[EventType "swiss"]
[EventRounds "9"]
[EventCountry "ESP"]
[SourceTitle "Ajedrez en Madrid"]
[Source "lmi"]
[SourceDate "2013.07.13"]
[SourceVersion "1"]
[SourceVersionDate "2019.06.21"]
[SourceQuality "1"]

1. e4 e5 2. Nc3 Nc6 3. Bc4 d6 4. d3 Be6 5. Nd5 Na5 6. Nf3 c6 7. Ne3 Nxc4 8.
dxc4 Nf6 9. Qd3 Qc7 10. O-O Be7 11. b3 O-O 12. Bb2 Nd7 13. Nf5 Bxf5 14. exf5 f6
15. Ba3 Rfd8 16. Rad1 Nc5 17. Qe3 b6 18. b4 Nb7 19. Qb3 Kh8 20. Nh4 a5 21. Rd3
axb4 22. Qxb4 Nc5 23. Rh3 Ra4 24. Qc3 Ne4 25. Qb3 Rda8 26. c5 Ng5 27. Ng6# 1-0

[Event "15. Obert Int. Sant Marti 2013"]
[Site "Barcelona ESP"]
[Date "2013.07.21"]
[Round "9.45"]
[White "Castillo Escario, Yolanda"]
[Black "Fernandez Aguilar, Francisco"]
[Result "1/2-1/2"]
[WhiteElo "1997"]
[BlackElo "2040"]
[PlyCount "103"]
[EventDate "2013.07.13"]
[EventType "swiss"]
[EventRounds "9"]
[EventCountry "ESP"]
[SourceTitle "Ajedrez en Madrid"]
[Source "lmi"]
[SourceDate "2013.07.13"]
[SourceVersion "1"]
[SourceVersionDate "2019.06.21"]
[SourceQuality "1"]

1. e4 e5 2. Nf3 Nc6 3. Nc3 Nf6 4. Bb5 Nd4 5. Nxd4 exd4 6. e5 dxc3 7. exf6 Qxf6
8. dxc3 Qe5+ 9. Be2 Bc5 10. O-O O-O 11. Bd3 d6 12. Qf3 c6 13. Bf4 Qf6 14. Qg3
Bf5 15. Bxf5 Qxf5 16. b4 Bb6 17. Bxd6 Rfe8 18. Qd3 Qxd3 19. cxd3 Red8 20. Be7
Rxd3 21. c4 Re8 22. Rfe1 Bd4 23. Rab1 f6 24. Bc5 Rxe1+ 25. Rxe1 Bxc5 26. bxc5
Rc3 27. g3 Rxc4 28. Rb1 Rxc5 29. Rxb7 Ra5 30. Rc7 Rxa2 31. Rxc6 Ra1+ 32. Kg2 a5
33. Rc7 a4 34. Ra7 a3 35. Kf3 Kf8 36. h4 h5 37. Kg2 g5 38. Ra5 a2 39. Ra7 Ke8
40. Kh2 Kd8 41. Kg2 Ke8 42. Kh2 Kd8 43. Kg2 Kc8 44. Kh2 Kb8 45. Ra3 g4 46. Kg2
Kb7 47. Ra4 Kb6 48. Ra8 Kc6 49. Kh2 Kd5 50. Kg2 f5 51. Rd8+ Ke5 52. Re8+
1/2-1/2

[Event "15. Obert Int. Sant Marti 2013"]
[Site "Barcelona ESP"]
[Date "2013.07.21"]
[Round "9.46"]
[White "Saez Coma, Alejandro"]
[Black "Hernandez, Zaida"]
[Result "1-0"]
[WhiteElo "2025"]
[BlackElo "1998"]
[PlyCount "67"]
[EventDate "2013.07.13"]
[EventType "swiss"]
[EventRounds "9"]
[EventCountry "ESP"]
[SourceTitle "Ajedrez en Madrid"]
[Source "lmi"]
[SourceDate "2013.07.13"]
[SourceVersion "1"]
[SourceVersionDate "2019.06.21"]
[SourceQuality "1"]

1. d4 d5 2. Bf4 Bf5 3. Nf3 c6 4. c3 Nf6 5. e3 e6 6. Nbd2 Nbd7 7. Ne5 Be7 8. g4
Bg6 9. h4 Nxe5 10. dxe5 Ne4 11. h5 Bh4 12. Rh2 Nxf2 13. Rxf2 Be4 14. Nxe4 dxe4
15. Bg2 Qd5 16. Qxd5 exd5 17. Kf1 Bxf2 18. Kxf2 Ke7 19. Rd1 h6 20. c4 Rad8 21.
Ke2 f6 22. Bh3 Ke6 23. exf6 Kxf6 24. Rf1 Ke7 25. c5 b6 26. Bd6+ Ke8 27. Rf5 Rd7
28. Re5+ Kd8 29. g5 Rf7 30. g6 Rb7 31. b4 b5 32. Rf5 Ke8 33. Rf4 a5 34. Be6 1-0

[Event "15. Obert Int. Sant Marti 2013"]
[Site "Barcelona ESP"]
[Date "2013.07.21"]
[Round "9.47"]
[White "Frank-Nielsen, Marie"]
[Black "Cervello I Tost, Roger"]
[Result "0-1"]
[WhiteElo "2016"]
[BlackElo "1954"]
[PlyCount "100"]
[EventDate "2013.07.13"]
[EventType "swiss"]
[EventRounds "9"]
[EventCountry "ESP"]
[SourceTitle "Ajedrez en Madrid"]
[Source "lmi"]
[SourceDate "2013.07.13"]
[SourceVersion "1"]
[SourceVersionDate "2019.06.21"]
[SourceQuality "1"]

1. e4 e5 2. Nf3 Nc6 3. Bb5 a6 4. Ba4 Nf6 5. O-O b5 6. Bb3 Be7 7. Re1 O-O 8. h3
Bb7 9. c3 d5 10. exd5 Nxd5 11. d4 exd4 12. cxd4 Bf6 13. a3 Nb6 14. Be3 Na5 15.
Bc2 Nac4 16. b3 Nxe3 17. fxe3 c5 18. Qd3 g6 19. Nbd2 Qe7 20. Rac1 cxd4 21. exd4
Qxa3 22. h4 Rac8 23. h5 Rfd8 24. Ne4 Bxe4 25. Qxe4 Qd6 26. Rcd1 Nd5 27. hxg6
hxg6 28. Rd2 Qg3 29. Ne5 Nc3 30. Qe3 Qxe3+ 31. Rxe3 Bg5 32. Red3 Bxd2 33. Rxd2
Rxd4 34. Rf2 Rc7 35. Nf3 Rf4 36. Rd2 a5 37. Rd8+ Kg7 38. Kf2 Ne4+ 39. Ke3 Rxf3+
40. gxf3 Rxc2 41. Kxe4 a4 42. bxa4 bxa4 43. Ra8 Ra2 44. Ra6 Ra1 45. Kd3 a3 46.
Kc2 a2 47. Kb2 Rf1 48. Kxa2 Rxf3 49. Kb2 Rd3 50. Kc2 Rd8 0-1

[Event "15. Obert Int. Sant Marti 2013"]
[Site "Barcelona ESP"]
[Date "2013.07.21"]
[Round "9.48"]
[White "Quero Ortega, Juan"]
[Black "Barba Rios, Enric"]
[Result "0-1"]
[WhiteElo "1809"]
[BlackElo "1956"]
[PlyCount "64"]
[EventDate "2013.07.13"]
[EventType "swiss"]
[EventRounds "9"]
[EventCountry "ESP"]
[SourceTitle "Ajedrez en Madrid"]
[Source "lmi"]
[SourceDate "2013.07.13"]
[SourceVersion "1"]
[SourceVersionDate "2019.06.21"]
[SourceQuality "1"]

1. e4 c5 2. Nf3 Nc6 3. Bc4 e6 4. O-O d5 5. exd5 exd5 6. Be2 Nf6 7. d3 Bd6 8.
Nc3 O-O 9. Bg5 Be6 10. Bh4 a6 11. Re1 b5 12. Bg3 Bxg3 13. fxg3 h6 14. Nd2 Re8
15. Bf3 Re7 16. Ne2 g5 17. Nc3 Qd6 18. a3 Rae8 19. Na2 g4 20. Be2 Bf5 21. Nc1
Nd4 22. Ndb3 Qe5 23. c3 Qe3+ 24. Kf1 Nf3 25. gxf3 gxf3 26. Bxf3 Bh3+ 27. Bg2
Qxe1+ 28. Qxe1 Rxe1+ 29. Kf2 Ng4+ 30. Kf3 R8e3+ 31. Kf4 Nxh2 32. Bxh3 Rf3# 0-1

[Event "15. Obert Int. Sant Marti 2013"]
[Site "Barcelona ESP"]
[Date "2013.07.21"]
[Round "9.50"]
[White "Carlsen, Ellen Oen"]
[Black "De Azua Arpi, Rafael"]
[Result "1-0"]
[WhiteElo "1947"]
[BlackElo "1943"]
[PlyCount "59"]
[EventDate "2013.07.13"]
[EventType "swiss"]
[EventRounds "9"]
[EventCountry "ESP"]
[SourceTitle "Ajedrez en Madrid"]
[Source "lmi"]
[SourceDate "2013.07.13"]
[SourceVersion "1"]
[SourceVersionDate "2019.06.21"]
[SourceQuality "1"]

1. e4 e6 2. d4 d5 3. Nd2 Nf6 4. e5 Nfd7 5. Ngf3 c5 6. c3 Nc6 7. Bd3 Qb6 8. O-O
cxd4 9. cxd4 f6 10. exf6 Nxf6 11. Nb3 Bd6 12. Bg5 O-O 13. Rc1 e5 14. dxe5 Nxe5
15. Bxf6 Rxf6 16. Nxe5 Bxe5 17. Bxh7+ Kh8 18. Qh5 Bxh2+ 19. Qxh2 Rh6 20. Qe5
Kxh7 21. Rxc8 Rxc8 22. Qf5+ Qg6 23. Qxc8 Qh5 24. Qh3 Qe5 25. Qg3 Qh5 26. f3 Qe8
27. Re1 Qb5 28. Qg5 Qb4 29. Qf5+ Rg6 30. Re6 1-0

[Event "15. Obert Int. Sant Marti 2013"]
[Site "Barcelona ESP"]
[Date "2013.07.21"]
[Round "9.51"]
[White "Andersen, Guttorm"]
[Black "Lien, Kjell Hakon"]
[Result "1/2-1/2"]
[WhiteElo "1772"]
[BlackElo "1910"]
[PlyCount "90"]
[EventDate "2013.07.13"]
[EventType "swiss"]
[EventRounds "9"]
[EventCountry "ESP"]
[SourceTitle "Ajedrez en Madrid"]
[Source "lmi"]
[SourceDate "2013.07.13"]
[SourceVersion "1"]
[SourceVersionDate "2019.06.21"]
[SourceQuality "1"]

1. d4 Nf6 2. c4 g6 3. Nc3 Bg7 4. e4 d6 5. f4 O-O 6. Nf3 c5 7. d5 e6 8. Be2 exd5
9. cxd5 Re8 10. e5 dxe5 11. fxe5 Ng4 12. O-O Nxe5 13. Bf4 Nbd7 14. d6 Nxf3+ 15.
Bxf3 Qf6 16. Nd5 Qd4+ 17. Kh1 Qxd1 18. Raxd1 Rb8 19. Ne7+ Kf8 20. Bd5 f6 21.
Be6 Ra8 22. Rfe1 Rd8 23. Bg8 Ne5 24. Bxe5 fxe5 25. Bxh7 Bf6 26. Rf1 Kg7 27.
Bxg6 Bg4 28. Rd3 Bxe7 29. Rg3 Rxd6 30. Bc2 Rd4 31. h3 Rh8 32. Bf5 Rf8 33. Rxg4+
Rxg4 34. hxg4 Bg5 35. g3 Be3 36. Kg2 Bd4 37. Rh1 Kg8 38. b3 b5 39. Be6+ Kg7 40.
Bf5 c4 41. bxc4 bxc4 42. Rh7+ Kf6 43. Kf3 c3 44. Rc7 Rb8 45. Rc6+ Kg7 1/2-1/2

[Event "15. Obert Int. Sant Marti 2013"]
[Site "Barcelona ESP"]
[Date "2013.07.21"]
[Round "9.52"]
[White "Severri Arrese, Carlos"]
[Black "Barragan Hernandez, Manel"]
[Result "1-0"]
[WhiteElo "1905"]
[BlackElo "1889"]
[PlyCount "27"]
[EventDate "2013.07.13"]
[EventType "swiss"]
[EventRounds "9"]
[EventCountry "ESP"]
[SourceTitle "Ajedrez en Madrid"]
[Source "lmi"]
[SourceDate "2013.07.13"]
[SourceVersion "1"]
[SourceVersionDate "2019.06.21"]
[SourceQuality "1"]

1. e4 e5 2. Nf3 Nc6 3. d4 exd4 4. Nxd4 Nf6 5. Nxc6 bxc6 6. Bd3 Bc5 7. O-O O-O
8. Bg5 h6 9. Bh4 Rb8 10. Nd2 Re8 11. Nb3 Be7 12. f3 Nh5 13. Bf2 Nf4 14. Bxa7
1-0

[Event "15. Obert Int. Sant Marti 2013"]
[Site "Barcelona ESP"]
[Date "2013.07.21"]
[Round "9.53"]
[White "Julian Barrachina, Lluis"]
[Black "Jacobsen, Maria Pitz"]
[Result "1-0"]
[WhiteElo "2163"]
[BlackElo "1814"]
[PlyCount "45"]
[EventDate "2013.07.13"]
[EventType "swiss"]
[EventRounds "9"]
[EventCountry "ESP"]
[SourceTitle "Ajedrez en Madrid"]
[Source "lmi"]
[SourceDate "2013.07.13"]
[SourceVersion "1"]
[SourceVersionDate "2019.06.21"]
[SourceQuality "1"]

1. e4 e5 2. Nf3 Nc6 3. Bb5 a6 4. Ba4 Bc5 5. c3 Nf6 6. d4 exd4 7. e5 Nd5 8. Bb3
Nde7 9. cxd4 Bb4+ 10. Nc3 O-O 11. d5 Na5 12. Bc2 Ng6 13. O-O d6 14. Ng5 h6 15.
Nxf7 Rxf7 16. Bxg6 Rf8 17. e6 Bxc3 18. bxc3 Qf6 19. Bc2 g5 20. Qd3 Qg7 21. c4
Nxc4 22. Qxc4 Qxa1 23. Qe4 1-0